| 000 | 00348nam a2200133Ia 4500 | ||
|---|---|---|---|
| 008 | 210430s9999 xx 000 0 und d | ||
| 020 | _a978-81-203-3526-4 | ||
| 082 | _a670.42 J253 T | ||
| 100 |
_aK.C.Jain _954358 |
||
| 245 |
_aTextbook of Production Engineering / _cK.C.Jain |
||
| 260 |
_aIndia _bPHI _c2010 |
||
| 300 | _a776 P | ||
| 942 |
_cBK _2ddc |
||
| 999 |
_c564922 _d564922 |
||